| 000 | 00651nam a2200241Ia 4500 | ||
|---|---|---|---|
| 003 | OSt | ||
| 005 | 20220927105206.0 | ||
| 006 | a|||||r|||| 00| 0 | ||
| 007 | ta | ||
| 008 | 220926b |||||||| |||| 00| 0 eng d | ||
| 024 | _a159609 | ||
| 037 | _cReference Collections | ||
| 040 |
_aRTL _cRTL _beng |
||
| 041 |
_2eng _aeng |
||
| 082 | _a"X71.239.N87, M7" | ||
| 110 |
_aRAJASTHAN (Govt.of-) _9370762 |
||
| 245 | 0 | _aFinance accounts 1987-88 | |
| 260 | _c1987 | ||
| 300 |
_a174p;89p _ccm. |
||
| 700 |
_aRAJASTHAN (Govt.of-) _9370763 |
||
| 942 |
_h"X71.239.N87, M7" _cCC |
||
| 999 |
_c691071 _d691071 |
||